000 00592nam a2200229Ia 4500
003 OSt
005 20220928110407.0
006 a|||||r|||| 00| 0
007 ta
008 220927b |||||||| |||| 00| 0 eng d
024 _a48411
037 _cTextual
040 _aSDCL
_cSDCL
_beng
041 _2eng
_aeng
082 _aV212'N6, K7
100 _aMenon A Sreedhara
_9419333
245 0 _aSurvey of Kerala history
260 _aMadras
_bAnanda Book
_c1967
300 _a474p
_ccm.
942 _hV212'N6, K7
_cTEXL
_2CC
999 _c735396
_d735396